Direito civil / (Record no. 584)

MARC details
000 -LÍDER
Campo Fixo de Controle 00763nam a2200265 a 4500
001 - NÚMERO DE CONTROLE
Campo de Controle 584
003 - IDENTIFICAÇÃO DO NÚMERO DE CONTROLE
Campo de Controle BR-CuiBMT
005 - DATA E HORA DA ÚLTIMA ATUALIZAÇÃO
Campo de Controle 20231127034652.0
008 - DADOS FIXOS
Dados Fixos 231109s2010 spba 000 0 por d
020 ## - INTERNATIONAL STANDARD BOOK NUMBER
Nº do ISBN 9788530931414
040 ## - AGÊNCIA CATALOGADORA
Código da Agência Catalogadora BR-CuiBMT
Agência que transcreveu o registro BR-CuiBMT
080 ## - Nº DA CLASSIFICAÇÃO DECIMAL UNIVERSAL
Nº edição CDU 2007
Nº Class. CDU 347
090 ## - NÚMERO DE CHAMADA
Nº classificação 347
Cutter T195d
Ano/Edição 6. ed.
100 1# - ENTRADA PRINCIPAL -- AUTOR PESSOAL
Nome pessoal Tartuce, Flávio
245 10 - TÍTULO PRINCIPAL
Título principal Direito civil /
Indicação de responsabilidade Flávio Tartuce.
250 ## - EDIÇÃO
Edição 6. ed., rev., atual. e ampl.
260 ## - PUBLICAÇÃO, DISTRIBUIÇÃO, ETC.
Local de publicação São Paulo :
Editora Método,
Data 2010.
300 ## - DESCRIÇÃO FÍSICA
N. páginas ou volumes 6 v. :
Ilustrações il. ;
Dimensões 25 cm
504 ## - NOTA DE BIBLIOGRAFIA, ETC.
Nota de bibliografia Inclui bibliografia.
505 1# - NOTA DE CONTEÚDO
Nota de conteúdo v. 1. Lei de introdução e parte geral
590 ## - NOTA LOCAL
Nota local A Biblioteca possui apenas o volume 1.
650 ## - ASSUNTO TÓPICO
Cabeçalho tópico ou nome geográfico Direito civil
Subdivisão geográfica Brasil
650 ## - ASSUNTO TÓPICO
Cabeçalho tópico ou nome geográfico Serviço público
Subdivisão geográfica Brasil
942 ## - ELEMENTOS DE ENTRADA ADICIONAIS (KOHA)
Fonte de classificação ou esquema de arquivamento Classificação Decimal Universal
Tipo de item do Koha Livros
Holdings
Estado: removido Estado: perdido Fonte de classificação ou esquema de arquivamento Estado: danificado Indisponível para empréstimo Localização permanente Localização atual Data de aquisição Numeração serial ou cronológica (Volume) Total Checkouts Número de Chamada completo Código de barras Date last seen Número do exemplar Preço efetivo a partir de Tipo de item (Koha)
    Classificação Decimal Universal     Biblioteca da Escola Superior de Contas do TCE/MT Biblioteca da Escola Superior de Contas do TCE/MT 09/11/2023 v. 1   347 T195d 6. ed. BIBTCEMT23110391 09/11/2023 Ex. 1 09/11/2023 Livros

Powered by Koha